Dizionario di linguistica e di filologia, metrica, retorica.
Kaydedildi:
| Yazar: | |
|---|---|
| Materyal Türü: | Kitap |
| Dil: | İngilizce |
| Baskı/Yayın Bilgisi: |
Torino, Italia:
G. Einaudi,
1996.
|
| Seri Bilgileri: | Biblioteca Studio,
21. |
| Konular: | |
| Etiketler: |
Etiketle
Etiket eklenmemiş, İlk siz ekleyin!
|
MARC
| LEADER | 00000nam a22000007a 4500 | ||
|---|---|---|---|
| 003 | CL-VaPUC | ||
| 005 | 20220822114444.0 | ||
| 008 | 220329t1996 ||||| |||| 00| 0 eng d | ||
| 999 | |c 435171 |d 435169 | ||
| 020 | |a 88-06-13977-8 | ||
| 040 | |c Pontificia Universidad Católica de Valparaíso | ||
| 082 | 7 | |a 410.3 BEC 1996 |2 22 | |
| 100 | |a Beccaria, Gian Luigi |9 867775 |e diretto da | ||
| 245 | |a Dizionario di linguistica e di filologia, metrica, retorica. | ||
| 260 | |a Torino, Italia: |b G. Einaudi, |c 1996. | ||
| 300 | |a XIX, 814 páginas. | ||
| 490 | |a Biblioteca Studio, |v 21. | ||
| 500 | |a c.1 Donación Familia Prof. Alejandro Guzmán Brito. | ||
| 583 | |c 20220329 |k Yessy Stephany Diaz Vidal | ||
| 650 | 0 | |a Lingüística |9 265068 |x Diccionarios |x Italiano | |
| 650 | 0 | |a Filología |x Italiano |9 869957 | |
| 942 | |2 ddc |c BK |n 0 | ||
| 952 | |0 0 |1 0 |2 ddc |4 0 |6 410_300000000000000_BEC_1996 |7 0 |8 C_AGB |9 582213 |a BIBDER |b BIBDER |d 2022-03-29 |e Donación |i 5650445 |o 410.3 BEC 1996 |p 5650445 |r 2023-01-25 |t 1 |w 2022-03-29 |y BK_US |k AGB | ||